000 00979nam a22002417a 4500
999 _c13854
_d13854
003 AR-CdUCM
008 190416b ||||| |||| 00| 0 spa d
040 _aMUNICIPALIDAD PROVINCIAL DEL CUSCO
_cBIBLIOTECA MUNICIPAL DEL CUSCO
082 _a574.52 /
_bC37
100 _aCaufield, Catherine
_932434
245 _aBosques tropicales húmedos :
_bLa situación mundial y la amazonía peruana /
260 _aCusco :
_bCentro de Estudios Rurales Andinos "Bartolomé de las Casas",
_c1985.
300 _a133 paginas ;
_bIlustraciones,
_c20 cm.
440 _nSerie: Ecología y desarrollo
_932435
505 _aContenido :La situación mundial --La amazonia peruana /
650 _aBosques y silvicultura
_919325
650 _aEcología forestal
_932436
650 _aAmazonía peruana
_97545
700 _aPino Zambrano, Vidal
_932437
710 _aCentro de Estudios Regionales Andinos Bartolomé de Las Casas (Cusco)
_93306
942 _2ddc
_cLIBROS
945 _arjall
_d2019-04-16